LAUTECH

On pain (Record no. 41595)

MARC details
000 -LEADER
fixed length control field 00368nam a2200145 4500
008 - FIXED-LENGTH DATA ELEMENTS--GENERAL INFORMATION
fixed length control field 260703b |||||||| |||| 00| 0 eng d
020 ## - INTERNATIONAL STANDARD BOOK NUMBER
ISBN 9780914386407
100 ## - MAIN ENTRY--AUTHOR
Author Junger, Ernst
245 ## - TITLE STATEMENT
Title On pain
Statement of responsibility, etc Ernst Junger
260 ## - PUBLICATION, DISTRIBUTION, ETC. (IMPRINT)
Place of publication New York:
Name of publisher Telos Press Publishing,
Date of publication 2008.
300 ## - PHYSICAL DESCRIPTION
Pagination xlvii, 47p.;
650 ## - SUBJECT ADDED ENTRY--TOPICAL TERM
Topical term Pain
942 ## - ADDED ENTRY ELEMENTS (KOHA)
Item type Books
Holdings
Source of classification or shelving scheme Not for loan Collection code Home library Current library Shelving location Date acquired Mode of acquisition Full call number Accen. No. Copy number Koha item type
Library of Congress Classification   Non-fiction OLUSEGUN OKE LIBRARY LAUTECH OLUSEGUN OKE LIBRARY LAUTECH Olusegun Oke Library North Reading Room 03/07/2026 Purchased BJ 1409.J86 2008 0030782 1 Books